Giáo dục giới tính và sự phát triển toàn diện của vị thành niên

保存先:
書誌詳細
第一著者: Đào Xuân Dũng
フォーマット: 図書
言語:Undetermined
出版事項: H. ĐHQG 2003
主題:
タグ: タグ追加
タグなし, このレコードへの初めてのタグを付けませんか!
Thư viện lưu trữ: Trung tâm Học liệu Trường Đại học Cần Thơ
LEADER 00567nam a2200193Ia 4500
001 CTU_55607
008 210402s9999 xx 000 0 und d
020 |b 16500 
082 |a 613.951 
082 |b D513 
100 |a Đào Xuân Dũng 
245 0 |a Giáo dục giới tính và sự phát triển toàn diện của vị thành niên 
245 0 |c Đào Xuân Dũng 
260 |a H. 
260 |b ĐHQG 
260 |c 2003 
650 |a sex instruction,youth 
650 |x education 
980 |a Trung tâm Học liệu Trường Đại học Cần Thơ